000 00566nam a2200193Ia 4500
003 GCL
008 140319s9999 xx 000 0 eng d
040 _aGCL /
_cGCL
082 0 4 _aCC
_b910.202
_bK M
100 1 _aKAMIL, JILL
245 1 0 _aTHE MONASTERY OF SAINT CATHERINE IN SINAI :
_bHISTORY AND GUIDE /
_cKAMIL, JILL
700 1 _aSTOCK, MICHAEL
260 _aالقاهرة :
_bTHE AMERICAN UNIVERSITY IN CAIRO PRESS ،
_c1992
300 _a102:
_bILL ؛
_c21 cm.
650 0 4 _aWORLD TRAVEL GUIDES
650 0 4 _aEGYPT
650 0 4 _aSINAI
942 _2ddc
_cBK
999 _c14297
_d14297